| 000 | 00388pab a2200145 454500 | ||
|---|---|---|---|
| 008 | 180718b1987 xxu||||| |||| 00| 0 eng d | ||
| 100 | _aHubbell, L. Kenneth | ||
| 245 |
_aThe devolution of power in Sri Lanka _bA solution to the sepratist Movement |
||
| 260 | _c1987 | ||
| 300 | _a1176-87 | ||
| 362 | _aNov. | ||
| 650 | _aSri Lanka - Politics | ||
| 773 | _aAsian Survey | ||
| 909 | _a18476 | ||
| 999 |
_c18476 _d18476 |
||